000 00746nam a2200229 i 4500
003 DO-SdBNP
005 20240503100815.0
006 a||||dr|||| 00| 0
007 ta
008 240503b200? dr ac||| |||| 00| 0 spa d
040 _aDO-SdBNP
_bspa
_cBNPHU
_erda
082 4 _222
_bM425u
245 0 0 _aMatemática 1, 2, 3:
_bsecundaria, aprende a conocerte, aprende con los demás, aprende a aprender, aprende con la tecnología.
264 _aSanto Domingo :
_bsm,
_c[200?]
300 _a27 páginas :
_bilustraciones, retratos ;
_c28 cm.
336 _2rdacontent
_atexto
_btxt
337 _2rdamedia
_asin mediación
_bn
338 _2rdacarrier
_avolumen
_bnc
490 _aProyecto Conecta
590 _aInventariado 2024 / MF
942 _2ddc
_cLF2
999 _c56590
_d56590